000 00830nam a2200217Ii 4500
003 JO-AjNU
008 230605s9999||||xx |||||||||||||| ||und||
017 _a2009/4/1396
040 _aJO-AjNU
_bara
_erda
_cJO-AjNU
041 _aara
050 1 4 _aBP3553.3.I8586 2010
100 3 _aإسماعيل، عمر مصطفى جبر,
_eauthor
_930650
245 0 0 _aضمانات الإستثمار في الفقه الإسلامي وتطبيقاتها المعاصرة
250 _aط1
264 3 1 _aعمان: دار النفائس للنشر والتوزيع، 2010
300 _a349ص
_bالمصادر والمراجع ص323-337
336 _atext
_btxt
_2rdacontent
337 _aunmediated
_bn
_2rdamedia
338 _avolume
_bnc
_2rdacarrier
650 4 _aالنظام المالي في الاسلام- الاستثمار
_930651
999 _aA12175
_c15743
_d15743